000 00524nam a22001937a 4500
003 MPLRDC
005 20220104125647.0
008 210129b ||||| |||| 00| 0 eng d
020 _a978-957-13-5221-3
082 _a544.386 SYQHZ-2
100 _a上野千鹤子
245 _a一个人的老后男人版
_c杨明绮 译
250 _a台湾
260 _a台湾
_b时报文化出版企业股份有限公司
_c2010
300 _b287
490 _a人生顾问: 163
650 _a独身
942 _cBK
_o544.386 SYQHZ-2
999 _c29126
_d29116